LDR 00997naa#a2200193#i#450# 001 RU\\bibl\119683 005 20260417043406.5 011 ## _a2311-8873 100 ## _a20260410b2026####ek#y0rusy0150####ca 102 ## _aRU 200 1# _aСОВЕРШЕНСТВОВАНИЕ ЛОГИСТИЧЕСКИХ ПРОЦЕССОВ ВЫВОЗА ОТХОДОВ ПОСРЕДСТВОМ ИМИТАЦИОННОГО МОДЕЛИРОВАНИЯ _eЖурнальная статья 210 1# _aВоронеж _cВоронежский государственный лесотехнический университет имени Г.Ф. Морозова _d2026 215 ## _a11 с. 608 ## _aЖурнальная статья _2local 675 ## _aПеревозки пассажиров и грузов. 656.025 _z 700 #1 _aМаврин _gВадим Геннадьевич 700 #1 _aМакарова _gИрина Викторовна 700 #1 _aЗайнутдинова _gАйгель Рафисовна 856 4# _avntv.editorum.ru _u